[Event "Toronto1"]
[Site "Toronto"]
[Date "1990.??.??"]
[Round "7"]
[White "Tukmakov, Vladimir B"]
[Black "Piasetski, Leon David"]
[Result "1/2-1/2"]
[WhiteElo "2570"]
[BlackElo "2415"]
[Annotator "Ribli,Z"]
[PlyCount "114"]
[EventDate "1990.04.??"]
[EventType "tourn"]
[EventRounds "11"]
[EventCountry "CAN"]
[EventCategory "9"]
[SourceTitle "CBM 020"]
[Source "ChessBase"]
[SourceDate "1991.02.01"]
[SourceVersion "1"]
[SourceVersionDate "1991.02.01"]
[SourceQuality "1"]

1. Nf3 d6 2. d4 Bg4 3. e4 Nf6 4. h3 Bh5 5. Nc3 e6 6. Be2 Be7 7. Be3 d5 8. exd5
Nxd5 9. Nxd5 Qxd5 10. O-O Nd7 11. c4 Qa5 12. a3 c6 13. d5 Qc7 (13... cxd5 14.
b4 Qc7 15. cxd5) 14. dxe6 fxe6 15. Nd4 Bf7 16. Bg4 Nf8 17. b4 e5 18. Nf5 Ne6
19. Re1 O-O 20. Qf3 Kh8 21. Nxe7 Qxe7 22. Qf5 Qf6 23. Rad1 h5 24. Qxf6 gxf6 25.
Bf3 Rfd8 26. b5 Be8 27. a4 (27. bxc6 $5) 27... a6 28. bxc6 Bxc6 29. Bxc6 bxc6
30. Bb6 Rxd1 31. Rxd1 Nd4 32. Rd2 (32. Bxd4 Rd8) 32... c5 33. Bxc5 Nb3 34. Rd5
Nxc5 35. Rxc5 Kg7 36. Rc6 a5 37. Rc5 Kg6 38. Kf1 Kf5 39. Ke2 Ke4 40. Rd5 Rc8
41. f3+ Kf4 42. Rxa5 Rxc4 43. Ra6 f5 44. Rg6 h4 45. a5 Rc2+ 46. Kd3 Ra2 47. a6
e4+ 48. fxe4 fxe4+ 49. Kd4 Ra4+ 50. Kc5 Kf5 51. Kb5 Ra2 52. Rg8 e3 53. Re8 Kf4
54. Kb6 Rb2+ 55. Kc6 Ra2 56. Kb7 Rb2+ 57. Kc6 Ra2 1/2-1/2

[Event "Toronto1"]
[Site "Toronto"]
[Date "1990.??.??"]
[Round "9"]
[White "Marovic, Drazen"]
[Black "Piasetski, Leon David"]
[Result "0-1"]
[WhiteElo "2470"]
[BlackElo "2415"]
[Annotator "Ribli,Z"]
[PlyCount "48"]
[EventDate "1990.04.??"]
[EventType "tourn"]
[EventRounds "11"]
[EventCountry "CAN"]
[EventCategory "9"]
[SourceTitle "CBM 020"]
[Source "ChessBase"]
[SourceDate "1991.02.01"]
[SourceVersion "1"]
[SourceVersionDate "1991.02.01"]
[SourceQuality "1"]

1. d4 d6 2. Nf3 Bg4 3. c4 Bxf3 4. gxf3 c6 5. Nc3 g6 6. Qc2 Bg7 7. e3 e6 8. b4
Nd7 9. Rb1 Ne7 10. Ne4 Nc8 11. b5 c5 12. dxc5 dxc5 13. h4 (13. Bb2 $5) 13...
Qe7 14. f4 f5 15. Ng5 Nd6 16. Nf3 O-O-O 17. Bb2 e5 18. fxe5 Nxe5 19. Nd2 f4 20.
e4 Nf5 21. Bxe5 Qxe5 22. Bh3 Kb8 23. Bxf5 gxf5 24. Kf1 Rxd2 $1 0-1

[Event "USA-ch"]
[Site "Parsippany"]
[Date "1996.??.??"]
[Round "3"]
[White "Ivanov, Igor Vasilievich"]
[Black "Benjamin, Joel"]
[Result "1/2-1/2"]
[WhiteElo "2475"]
[BlackElo "2565"]
[Annotator "Ribli,Z"]
[PlyCount "71"]
[EventDate "1996.07.13"]
[EventType "tourn"]
[EventRounds "13"]
[EventCountry "USA"]
[EventCategory "12"]
[SourceTitle "CBM 055"]
[Source "ChessBase"]
[SourceDate "1996.12.01"]
[SourceVersion "1"]
[SourceVersionDate "1996.12.01"]
[SourceQuality "1"]

1. Nf3 d6 2. d4 Bg4 3. c4 Nd7 4. Qb3 Rb8 5. h3 (5. g3) (5. Nc3 Bxf3 6. exf3 g6
7. Be3 Bg7 8. Rd1 c6 9. Be2 Ngf6 10. O-O O-O 11. f4 a6 12. d5 $14 {
Miles-Benjamin,Horgen 1994.}) 5... Bxf3 (5... Bh5 6. g4 Bg6 7. Bg2 e5 8. Be3 c6
9. O-O a6 10. Nc3 Qc7 11. Rad1 $14 {Ivanov - Vorotnikov,UdSSR 1991.}) 6. Qxf3
g6 7. Nc3 Bg7 8. e3 c5 9. d5 a6 (9... Bxc3+ 10. bxc3 Qa5 $6 (10... Ngf6 $5 11.
g4 $6 Qa5 12. Qd1 h5 $1 $36 {Miles,A-Adams,M/Tilburg/1993/CBM39/}) 11. Bd2 Ngf6
12. Qd1 Ne4 13. Bd3 f5 14. O-O Ne5 15. Be1 $14 {Flear-Adams/London/1990/CBM18/
Inf49,(67)/}) 10. Bd2 Ngf6 11. a4 (11. e4 O-O 12. Be2 e6 13. O-O Ne5 14. Qf4
exd5 15. exd5 Ne8 16. Qg3 f5 17. f4 Nd7 18. a4 Bd4+ 19. Kh1 Ng7 $13 {Georgiev,
Ki-Hickl,J/Altensteig/1995/CBM49/}) (11. Be2 O-O 12. g4 $6 Ne5 13. Qg2 b5 14.
cxb5 axb5 15. Nxb5 c4 16. a4 Nfd7 17. O-O Nc5 $132 {Bagirov,V-Jacobs,B/Gausdal/
1991/}) 11... O-O 12. Qd1 e6 13. Be2 exd5 14. cxd5 Re8 (14... b5 $5 15. axb5
axb5 16. Bxb5 (16. Nxb5 Nxd5 (16... Nb6 17. Na7 Ra8 18. Nc6 Rxa1 19. Qxa1 Qd7
$15)) 16... Nxd5 $13 {Ribli.Schwarz hat lebhaftes Spiel.}) 15. O-O {Ribli.
Weiss hat das Laeuferpaar, aber er hat Verspaetung im Zentrum. Die schwarze
Kontrolle ueber die Felder bietet ihm gleiche Chancen.} Ne4 $10 16. Nxe4 Rxe4
17. Qc2 Re8 18. a5 {Ribli.Interessant, dass wir nach 1.Nf3 d6 2.d4 Bg4 nun
eine ganz normale Benoni-Stellung vor uns haben.} Qg5 19. Bc4 b5 $1 (19... Qh4
20. Rfc1 Ne5) 20. axb6 Nxb6 21. Rxa6 Nxc4 22. Qxc4 Rxb2 23. Bc3 {Ribli. Das
fuehrt zum Remisschluss, aber Weiss muss den gegnerischen Laeufer tauschen.}
Bxc3 24. Qxc3 Qe5 (24... Re2 $2 25. Rxd6 R8xe3 26. Qxc5) 25. Qxe5 Rxe5 26. Rxd6
(26. Rd1 Rf5 27. f4 Rf6) 26... Rd2 27. Rd8+ Kg7 28. d6 h5 29. d7 Kf6 30. Rc1
Rf5 31. f4 Rfd5 32. Rc8 Rxd7 33. R8xc5 Re2 34. Rg5 (34. R1c2 $10) (34. R5c3
Rdd2 $17) 34... Rxe3 35. Rc6+ Re6 36. Rxe6+ {Ribli} 1/2-1/2

[Event "Jakarta Gunadarma"]
[Site "Jakarta"]
[Date "1996.??.??"]
[Round "3"]
[White "Sokolov, Ivan"]
[Black "Hickl, Joerg"]
[Result "1-0"]
[WhiteElo "2670"]
[BlackElo "2600"]
[Annotator "Ribli,Z"]
[PlyCount "69"]
[EventDate "1996.10.15"]
[EventType "tourn"]
[EventRounds "9"]
[EventCountry "INA"]
[EventCategory "13"]
[SourceTitle "CBM 056"]
[Source "ChessBase"]
[SourceDate "1997.02.01"]
[SourceVersion "1"]
[SourceVersionDate "1997.02.01"]
[SourceQuality "1"]

1. d4 {Baburin King} d6 2. Nf3 Bg4 3. c4 Nd7 4. Nc3 e5 5. g3 $5 Bxf3 6. exf3
Be7 (6... exd4 7. Qxd4 Ne7 8. f4 Nc6 9. Qd2 Be7 10. Bg2 O-O 11. O-O Bf6 12. b3
a5 13. Bb2 Nc5 14. Nd5 $14 {Anic,D-Hickl,J/Monpellier/1993/}) (6... g6 $5 {
>< d4}) 7. dxe5 (7. Bg2 Ngf6 8. O-O O-O 9. f4 c6 10. Re1 (10. fxe5 {Baburin}
dxe5 11. d5 Qc7 12. dxc6 bxc6 13. Qa4 Rac8 14. b4 a5 15. Qxa5 Qxa5 16. bxa5 Bb4
17. Na4 Bxa5 18. Ba3 Rfe8 19. Nc5 e4 20. Nb7 Bc7 21. Nd6 Bxd6 22. Bxd6 Ra8 23.
Rfb1 Ra4 24. Rb4 Rea8 25. Rxa4 Rxa4 26. f3 exf3 27. Bxf3 c5 28. a3 g5 29. Be7
Kg7 30. Bc6 Ra7 31. a4) 10... exd4 11. Qxd4 Re8 $14 {Alterman-Gulko,Elenite,
1995.}) 7... Nxe5 $6 (7... dxe5 $5 8. Bg2 (8. f4 {Baburin} Bb4) 8... Ngf6 9.
O-O O-O 10. f4 c6) 8. f4 Nd7 9. Bg2 c6 {Baburin: In this pawn formation White
enjoys more space and freedom. If the the black pawn was on g6 instead (and
the bishop on g7), White might eventually advance his doubled f-pawn to f5 in
order to weaken Black's >>. For Black it is hard to take any advantage of his
P-majority on the <<, as he has to watch out for the two white Bs, should he
open up the position. Here Sokolov finds a very interesting way of using his
P-majority on the >>:} 10. g4 $5 {Baburin: The pawn moves to g5 to take
control over the f6-square - then Black won't be able to develop either knight
or bishop there. The fact that White has two Ps on the f-file gives him more
support on the >>. Perhaps, now Black should consider castling queenside, e. g.
after 10...Qb6. Ein ungewöhnlicher, aber starker Zug. Weiß will mit dieser
Fortsetzung Raum gewinnen wie in der Siz. Schew. Variante (6.g4-Keres-Variante)
.Ribli.} Nb6 (10... h6 11. Be3 (11. h4 Bxh4 12. g5 hxg5 13. fxg5 Ne7 $13)) 11.
Qe2 Nf6 12. g5 Nfd7 13. Be3 O-O 14. O-O (14. O-O-O {Das ist auch vorteilhaft
für Weiß. In diesem Fall kann er - wie in der Partie - mit h4-h5 angreifen.
Ribli.}) 14... Re8 15. Rad1 Qc7 16. h4 $14 {Schwarz hat keine Chancen zu
aktivem Spiel.Ribli.} Bf8 17. b3 a5 18. h5 a4 19. Qb2 $1 (19. Qc2 axb3 20. axb3
d5 $1 21. cxd5 cxd5 22. Bxd5 Nxd5 23. Rxd5 Rec8 $132) 19... Nc5 20. Qc2 $1 {
Jetzt ist 20...d5 viel schwächer als früher - Schwarz hat keine Fesselung auf
der c-Linie.Ribli.} axb3 21. axb3 Nbd7 (21... Rad8 $5) 22. b4 Na6 23. Qb3 Rab8
24. Ne4 Re6 (24... d5 25. cxd5 cxd5 26. Rxd5 Nxb4 27. Rc1 Nc6 (27... Qd8 28. g6
Nxd5 29. gxf7+ Kxf7 30. Qxd5+ Ke7 31. Ng5 $18) 28. g6) 25. f5 Re5 26. f4 Ree8 (
26... Rxf5 27. Bh3) {PRESS ENTER to get the Gurevich-Seul game} 27. g6 {
Gurevich,M (2605)-Seul,G (2445) Bonn GSK-3 Bad Godesburg 1996 0-1 King:
Compare this game with Gurevich-Seul/Bonn GSK/1996/CBM 56/. When the pawns are
not blockaded, then their march can be deadly. White's kingside pawns have
made an impressive march.} Rxe4 {Schwarz hat eine total verlorene Stellung.
Durch dieses Qualitätsopfer erhält er zwar keine reellen Überlebenschancen,
aber er kann noch ein wenig kämpfen.Ribli.} (27... Nf6 28. Ng5 hxg6 29. hxg6
fxg6 30. c5+ d5 31. Bxd5+ cxd5 32. Rxd5 Nxd5 (32... Rxe3 33. Rd3+) 33. Qxd5+
Kh8 34. Qh1+ Kg8 35. Qh7#) 28. Bxe4 Nf6 29. Bf3 Qd7 30. b5 Nc7 (30... cxb5 31.
Qxb5) 31. bxc6 Qxf5 32. gxh7+ Kh8 33. cxb7 Ne6 34. Qd3 Qh3 35. Qe2 {Und
Schwarz gab in dieser hoffnungslosen Stellung auf.Ribli.} 1-0

[Event "Toronto1"]
[Site "Toronto"]
[Date "1990.??.??"]
[Round "11"]
[White "Kozul, Zdenko"]
[Black "Piasetski, Leon David"]
[Result "1/2-1/2"]
[WhiteElo "2575"]
[BlackElo "2415"]
[Annotator "Ribli,Z"]
[PlyCount "94"]
[EventDate "1990.04.??"]
[EventType "tourn"]
[EventRounds "11"]
[EventCountry "CAN"]
[EventCategory "9"]
[SourceTitle "CBM 020"]
[Source "ChessBase"]
[SourceDate "1991.02.01"]
[SourceVersion "1"]
[SourceVersionDate "1991.02.01"]
[SourceQuality "1"]

1. d4 d6 2. Nf3 Bg4 3. c4 Bxf3 4. exf3 c6 5. Nc3 g6 (5... Nf6 6. Bd3 d5 7. O-O
e6 {Sokolov,I-Torre,E Biel 1989 CBM/14}) 6. h4 h5 7. Be3 Bg7 8. g3 Nd7 9. f4
Nh6 10. Qd3 Qa5 11. Bg2 Nb6 12. O-O Nf5 13. Rab1 Qa6 14. d5 (14. b3 d5) 14...
cxd5 15. Bxd5 Rc8 16. Bxb6 Qxb6 17. Be4 Nd4 18. Rfe1 e6 19. b3 O-O 20. Rbd1 d5
21. Bxd5 $5 exd5 22. Nxd5 Qc5 23. Ne7+ Kh7 24. Nxc8 Rxc8 25. Qe4 Rc6 26. Qd5
Qxd5 27. cxd5 Rd6 28. Re7 Rxd5 29. Kg2 Kg8 30. Rxb7 a5 31. Rb8+ Kh7 32. a3 Rc5
33. b4 axb4 34. Rxb4 Nf5 35. Rd7 Rc2 36. Rxf7 Kg8 37. Rxf5 gxf5 38. Rb5 Bd4 39.
Rxf5 Rxf2+ 40. Kh3 Ra2 41. Rxh5 Rxa3 42. Rg5+ Kf7 43. h5 Rb3 44. Kg4 Bf2 45.
Kh4 Rf3 46. Rg4 Bxg3+ 47. Rxg3 Rxf4+ 1/2-1/2

[Event "Prague Bohemians-A"]
[Site "Prague"]
[Date "1990.??.??"]
[Round "?"]
[White "Keitlinghaus, Ludger"]
[Black "Klaric, Zlatko"]
[Result "1/2-1/2"]
[WhiteElo "2415"]
[BlackElo "2400"]
[Annotator "Ribli,Z"]
[PlyCount "99"]
[EventDate "1990.01.??"]
[EventType "tourn"]
[EventRounds "13"]
[EventCountry "CZE"]
[EventCategory "8"]
[SourceTitle "CBM 017"]
[Source "ChessBase"]
[SourceDate "1990.08.01"]
[SourceVersion "1"]
[SourceVersionDate "1990.08.01"]
[SourceQuality "1"]

1. Nf3 d6 2. d4 Bg4 3. e3 e6 4. c4 Nd7 5. Nc3 Ngf6 {5...Be7 Portisch,
L-Speelman,J Reykjavik, WCup 1988  CBM/10} 6. h3 Bh5 7. g4 $5 Bg6 8. Nh4 c6 9.
Bg2 d5 10. cxd5 cxd5 11. Nxg6 hxg6 12. g5 Ng8 13. e4 $1 dxe4 14. Bxe4 {14.
0-0!? /\ Nxe4} Bd6 $5 15. Bxb7 Rb8 16. Bg2 Ne7 17. O-O Nb6 18. Nb5 a6 19. Nxd6+
Qxd6 20. Qe2 Nbd5 21. Qe5 Qxe5 22. dxe5 Rh4 $1 23. b3 Nf4 24. Bxf4 Rxf4 25.
Rad1 a5 26. Rd6 a4 27. Rc1 axb3 28. axb3 Rxb3 29. Rc8+ Nxc8 30. Bc6+ Ke7 31.
Rd7+ Ke8 32. Rd3+ Ke7 33. Rd7+ Ke8 34. Rd3+ Ke7 35. Rxb3 Rc4 36. Rb7+ Kd8 37.
Rd7+ Ke8 38. Bb5 Rb4 39. Rb7+ Kf8 40. Rb8 Ke7 41. Rb7+ Kf8 42. Kg2 Kg8 43. f4
Ne7 44. Rxe7 Rxb5 45. Re8+ Kh7 46. Rf8 Rb7 47. Kf3 Ra7 48. Ke3 Ra3+ 49. Ke4
Ra4+ 50. Ke3 1/2-1/2

[Event "Stara Zagora zt-A"]
[Site "Stara Zagora"]
[Date "1990.??.??"]
[Round "3"]
[White "Lukacs, Peter"]
[Black "Ghinda, Mihail Viorel"]
[Result "1/2-1/2"]
[WhiteElo "2505"]
[BlackElo "2450"]
[Annotator "Ribli,Z"]
[PlyCount "49"]
[EventDate "1990.02.??"]
[EventType "tourn"]
[EventRounds "13"]
[EventCountry "BUL"]
[EventCategory "9"]
[SourceTitle "CBM 017"]
[Source "ChessBase"]
[SourceDate "1990.08.01"]
[SourceVersion "1"]
[SourceVersionDate "1990.08.01"]
[SourceQuality "1"]

1. d4 d6 2. Nf3 Bg4 3. e4 Nf6 4. Nc3 e6 5. h3 Bh5 6. Qe2 c6 7. g4 Bg6 8. h4 h5
9. g5 Nfd7 10. Bh3 Be7 11. Nd2 {11.Be3, d5 12.Nd2 Damljanovic,B-Davies,N Vrsac
(10) 1989  CBM/15} d5 12. f4 dxe4 13. Ncxe4 {13.Ndxe4!?, Nb6 14.Be3 +/=} Nb6
14. c3 Qd5 $1 {/\ Bf5} 15. Bg2 Qa5 16. O-O {16.a4!? /\ b4} Bf5 17. Ng3 Bg4 18.
Qe5 Qxe5 19. fxe5 N8d7 20. Nde4 c5 21. dxc5 Nxc5 22. Be3 Nxe4 23. Nxe4 Nd5 24.
Bd4 O-O 25. Rf2 1/2-1/2

[Event "Pula zt 1.2"]
[Site "Pula"]
[Date "2000.04.20"]
[Round "9"]
[White "Pelletier, Yannick"]
[Black "Hulak, Krunoslav"]
[Result "0-1"]
[WhiteElo "2478"]
[BlackElo "2495"]
[Annotator "Ribli,Z"]
[PlyCount "98"]
[EventDate "2000.04.11"]
[EventType "swiss"]
[EventRounds "11"]
[EventCountry "CRO"]
[SourceTitle "CBM 077"]
[Source "ChessBase"]
[SourceDate "2000.07.27"]
[SourceVersion "1"]
[SourceVersionDate "2000.07.27"]
[SourceQuality "1"]

1. d4 d6 2. c4 g6 3. e4 Bg7 4. Nf3 Bg4 {Eine logische Fortsetzung. Schwarz
spielt gegen den Zentrumsbauern d4.} 5. Be2 Nc6 {[%csl Yd4]} 6. Be3 (6. Nbd2)
6... e5 7. d5 Bxf3 8. Bxf3 Nd4 9. Bxd4 (9. Nc3 c5 10. dxc6 bxc6 11. O-O Rb8 $11
) (9. O-O c5 $11 (9... Ne7 10. Nc3 c5 11. Bxd4 cxd4 12. Na4 b6 13. b4 $11))
9... exd4 10. Nd2 (10. Na3 {[%csl Yd3][%cal Ga3c2,Gc2e1,Ge1d3]} c5 11. dxc6
bxc6 12. O-O Ne7 $11) 10... c5 $5 {Dieser Zug festigt den Pd4. Da Weiß am
Königsflügel vier Bauern gegen drei hat, muss er theoretisch den Durchbruch
e4-e5 anstreben. Schwarz auf der anderen Seite hat einen starken Bg7 und
kontrolliert die schwarzen Felder.} (10... Ne7 11. Be2 O-O 12. O-O c6 13. Nf3
Qb6 14. Qd2 Rab8 (14... f5 15. Bd3 fxe4 16. Bxe4 cxd5 17. cxd5 Rac8 18. Qe2 Bf6
19. Ne1 Bg7 20. Nd3 Rce8 21. Rfe1 Qb5 $2 (21... Kh8 22. Bf3 Qd8 23. Qd1 $16)
22. g3 $1 Nxd5 23. Nf4 Nc7 24. Qxb5 Nxb5 25. Ne6 $1 {1-0 Epishin,V-Gulko,B/
Philadelphia 1998/CBM 66/[Epishin] (34)}) 15. Bd3 a5 16. Rfe1 Qb4 17. Qf4 b5
18. cxb5 cxd5 19. e5 Nc8 20. h4 Rb7 21. h5 dxe5 22. Nxe5 Re7 23. Nf3 Qxb2 24.
h6 Bh8 25. Rxe7 Qxa1+ 26. Re1 Qxa2 27. Ne5 Nb6 28. Nc6 Ra8 29. Ne7+ Kf8 30. Qd6
Qd2 31. Nc8+ {1-0 Epishin,V-Kamstra,C/Groningen NED 1999 (31)}) (10... Nf6 11.
O-O Nd7 12. Be2 d3 $5 13. Bxd3 Bxb2 14. Rb1 Bg7 15. f4 O-O 16. Nf3 $14 Qf6 17.
Qd2 Bh6 18. g3 Nc5 19. Rbe1 {1-0 Epishin,V-Djuric,S/Cutro 1999/CBM 71/[Ribli] 
(48)}) 11. O-O (11. dxc6 $5 bxc6 12. b4 Ne7 13. O-O O-O 14. Nb3 Qb6 (14... Rb8
$11) 15. a3 Rab8 16. c5 dxc5 17. Nxc5 Rfd8 18. Nd3 a5 19. Qc2 axb4 20. axb4 Ra8
21. g3 Ra7 22. Rxa7 Qxa7 23. e5 $14 {1/2-1/2 Epishin,V-Gulko,B/Yerevan 1996/
CBM 53 (51)}) 11... Nf6 {Der Springer hat auf f6 bessere Perspektiven als auf
e7 - er kann z.B. nach d7 ud e5 ziehen.} (11... Ne7 $6 $14) 12. Be2 {[%cal
Ge2d3] Mit diesem Zug möchte Weiß den schwarzen d-Bauern blockieren und
eventuell den programmatischen Zug f2-f4 durchsetzen.} O-O 13. Bd3 Re8 14. Qc2
(14. f4 $5 $14) 14... Bh6 {[%cal Gh6d2] Es droht Bauerngewinn durch 15...Bxd2
nebst 16...Nxe4.} 15. Rae1 (15. f4 Ng4 $15 {[%csl Re3][%cal Gg4e3]}) 15... a6
$13 {Da sich der weiße a-Turm weit vom Damenflügel entfernt hat, versucht
Schwarz, den Zug b7-b5 vorzubereiten.} 16. Nf3 (16. h3 {Bereitet f2-f4 vor und
verteidigt sich gegen Ng4.} b5 $1 17. f4 (17. cxb5 axb5 18. Bxb5 Bxd2 19. Qxd2
Rxe4 $132) 17... Nh5) 16... Nd7 17. a3 {Mit diesem Zug sind zwei Ideen
verknüpft: Zum einen bereitet er das eventuelle b2-b4 vor. Zum anderen hängt
der Pa2 nach dem möglichen b7-b5 und axb5 axb5 nicht.} Qa5 {[%cal Gb7b5]} (
17... Ne5 $5 18. Nxe5 (18. Nd2 Bf4 $1 19. Kh1 (19. g3 $4 Bxd2 $19) 19... Qh4
20. h3 (20. g3 Qh3 $19) 20... g5 $36) 18... dxe5 $11) 18. Re2 Re7 (18... b5 $11
) 19. a4 {Weiß verhindert damit zwar den Zug b7-b5, gleichzeitig aber ist
dieser Zug ein Abgesang zu aktivem Spiel am Damenflügel.} Rae8 20. g3 Bg7 21.
Nd2 Ne5 (21... f5 22. f4 $13 (22. Rfe1 f4 23. gxf4 Bh6 $36)) 22. h3 (22. f4 $2
Ng4 $15 {[%cal Gg4e3]}) (22. b3 $4 Qc3 $19) 22... Nxd3 23. Qxd3 Qxa4 $15 {
Schwarz hat einen Bauern mehr, ohne dass Weiß dafür Kompensation besäße. Aber
da die Stellung geschlossenen Charakter besitzt, ist der weiße Springer eine
bessere Figur als der schwarze Läufer.} 24. f4 Qd7 {[%cal Rd7h3]} 25. Kg2 b5 (
25... f5 26. Rfe1 b5 27. b3 $15 (27. exf5 Rxe2+ 28. Rxe2 Rxe2+ 29. Qxe2 gxf5
$15)) 26. Rfe1 Qb7 {[%cal Gb7g2,Gb7b2]} (26... bxc4 $2 27. Nxc4 $44 {[%csl Gc4]
}) 27. b3 Kf8 28. g4 (28. e5 dxe5 29. f5) 28... Qb8 {Schwarz möchte Rb7 und
bxc4 spielen, mit aktivem Spiel am Damenflügel.} 29. e5 $5 {[%mdl 512] Der
junge schweizerische Spieler wartet nicht mehr, sondern opfert einen weiteren
Bauern für Gegenspiel. Es wäre interessant zu wissen, wie Schwarz bei normalen
Wartezügen seines Gegners seinen Vorteil verwerten könnte.} dxe5 30. f5 {
[%csl Ye4] Das ist ein für solche Stellungen typishes Bauernopfer - Weiß
bekommt mit dem Feld e4, einen guten Springerposten.} Qb6 31. Ne4 $44 {[%csl
Ge4]} Kg8 32. Rc2 (32. d6 Rd7) 32... Rc8 33. Rf1 $6 (33. Rec1 $5 $44 {[%csl
Rc5]}) 33... Rb7 {[%cal Gb7b1]} 34. f6 bxc4 35. bxc4 Bf8 $17 {Es ist wahr, der
schwarze Läufer steht passiv auf f8, und der Ne4 hat einen "ewigen" Stützpunkt
- aber Schwarz hat zwei Bauern mehr und kontrolliert die offene b-Linie.} 36.
Ra1 a5 37. Rca2 Ra8 38. g5 Qc7 {[%cal Gc7b8] Die Dame soll hinter den Rb7 
(nach b8) gehen.} 39. Ra4 Qb8 40. R1a3 (40. Rxa5 Rxa5 41. Rxa5 Rb3 42. Qd1 Rb1
43. Qd3 Qb2+ 44. Nf2 Qc1 $19 {[%csl Rg2][%cal Rb1g1,Rc1g5]}) 40... Rb2+ 41. Kg3
Ra6 {[%cal Ga6b6,Gb6b3]} 42. Kh4 {Der König geht Motiven auf der dritten Reihe
aus dem Wege, aber h4 ist auch kein allzu sicheres Plätzchen.} Qc8 {[%cal
Gc8f5]} 43. Qf3 (43. Rxa5 Rxa5 44. Rxa5 Qf5 $19) 43... Qd8 {[%cal Gd8a5,Gd8h4]}
44. Qg3 h6 $19 {[%csl Rh4][%cal Gd8h4][%mdl 128]} 45. Qxe5 (45. gxh6 Rxf6 46.
Nxf6+ Qxf6+ 47. Qg5 Qf2+ 48. Rg3 Re2 $19) 45... Re2 {[%cal Ge2e5]} (45... hxg5+
46. Qxg5 Re2 $19) 46. Qf4 hxg5+ (46... Qe8 47. Ng3 Re5 $19) 47. Kxg5 Rxe4 (
47... Qe8 $19) 48. Qxe4 Rxf6 {[%csl Rg5]} (48... Qxf6+ 49. Kg4 Qf2 $19) 49. Kg4
Bd6 0-1

[Event "Rubinstein Memorial"]
[Site "Polanica Zdroj"]
[Date "1993.??.??"]
[Round "10"]
[White "Andersson, Ulf"]
[Black "Gdanski, Jacek"]
[Result "1-0"]
[WhiteElo "2625"]
[BlackElo "2485"]
[Annotator "Ribli,Z"]
[PlyCount "81"]
[EventDate "1993.08.??"]
[EventType "tourn"]
[EventRounds "11"]
[EventCountry "POL"]
[EventCategory "13"]
[SourceTitle "CBM 037"]
[Source "ChessBase"]
[SourceDate "1993.12.01"]
[SourceVersion "1"]
[SourceVersionDate "1993.12.01"]
[SourceQuality "1"]

1. Nf3 d6 2. d4 Bg4 3. e4 Nf6 4. Nc3 e6 5. h3 Bh5 6. Bg5 (6. Qe2 $5 c6 7. g4
Bg6 8. h4 $36) 6... Be7 7. Be2 d5 (7... c6 $5) 8. exd5 Nxd5 9. Nxd5 exd5 (9...
Bxg5 $2 10. Nxc7+ $1 Qxc7 11. Nxg5 Qa5+ 12. Qd2 $18) 10. Bxe7 Qxe7 11. O-O O-O
12. Re1 Qb4 $6 (12... Nd7 $5 13. Bb5 Qd6 14. Bxd7 Bxf3 (14... Qxd7 15. Ne5 $1)
15. Qxf3 Qxd7 16. Re5 c6 17. Rae1 $14) (12... Qd6 $5) 13. Ne5 $1 Bg6 (13...
Bxe2 14. Rxe2 Qxb2 15. c4 $14) 14. Bf3 c6 15. Re3 $1 Qd6 (15... Qxb2 $2 16.
Nxg6 hxg6 17. Rb3 $18) 16. c4 dxc4 17. Nxc4 Qc7 18. Rc1 Nd7 19. d5 $1 $36 Rad8
(19... cxd5 20. Ne5 Qd6 21. Nxg6 hxg6 22. Bxd5 $16) 20. d6 Qb8 21. Qb3 Bf5 (
21... b5 22. Na5 Qxd6 23. Nxc6 $16) 22. Re7 Be6 23. Qb4 $1 h6 24. Rd1 Bxc4 25.
Qxc4 Nb6 26. Qb4 Rfe8 27. Rde1 $1 Rf8 28. Rc7 Rfe8 (28... Nc8 29. Rxb7 Qxd6 30.
Qxd6 Rxd6 31. Rc1 $16) 29. Rxe8+ Rxe8 30. Qf4 Rf8 31. a4 Qe8 32. Re7 Qb8 33. a5
Nd5 (33... Nc8 34. Rc7 $18) 34. Bxd5 cxd5 35. Qe5 Qc8 36. Rc7 Qd8 37. Qxd5 Qf6
38. d7 Qxb2 39. Rc8 Kh7 40. Rxf8 Qc1+ 41. Kh2 1-0

[Event "Barcelona"]
[Site "Barcelona"]
[Date "1992.05.??"]
[Round "10"]
[White "Sokolov, Ivan"]
[Black "Rivas Pastor, Manuel"]
[Result "0-1"]
[WhiteElo "2630"]
[BlackElo "2520"]
[Annotator "Ribli,Z"]
[PlyCount "110"]
[EventDate "1992.05.??"]
[EventType "tourn"]
[EventRounds "11"]
[EventCountry "ESP"]
[EventCategory "13"]
[SourceTitle "CBM 030"]
[Source "ChessBase"]
[SourceDate "1992.10.01"]
[SourceVersion "1"]
[SourceVersionDate "1992.10.01"]
[SourceQuality "1"]

1. d4 d6 2. Nf3 Bg4 3. c4 Bxf3 4. gxf3 (4. exf3 $5 c6 5. Nc3 g6 6. Be2 Bg7 7.
O-O Nf6 8. Be3 O-O 9. d5 $14 {Van der Sterren,P-Jansa,V Prague Chip 1992 CBM/27
}) 4... c6 5. Nc3 g6 6. e4 (6. Qc2 Bg7 7. e3 e6 8. b4 Nd7 9. Rb1 Ne7 10. Ne4
Nc8 11. b5 c5 $13 {Marovic,D-Piasetski,L Toronto 1990 CBM/20}) (6. e3 e5 $6 7.
dxe5 dxe5 8. Qxd8+ Kxd8 9. a3 Nd7 10. b4 f5 (10... a5 $5) 11. e4 fxe4 12. Nxe4
Kc7 13. Bb2 Re8 14. O-O-O $14 {Drasko,M-Popchev,M EXP/23 51/56}) 6... Bg7 7.
Be3 Nd7 8. f4 e5 $1 9. fxe5 dxe5 10. dxe5 Nxe5 11. Be2 Qh4 12. Qd6 Rd8 13. Qc7
Nh6 14. Rd1 O-O 15. Rxd8 Rxd8 $1 16. Bxh6 Bxh6 17. Qxe5 Bd2+ 18. Kf1 Bf4 19.
Qa5 Qh3+ $44 20. Kg1 Rd2 21. Qxa7 Be5 $1 22. Qa5 Bxc3 23. Qxc3 Qxc3 24. bxc3
Rxe2 25. Kg2 Rxe4 26. Rb1 Re7 $15 27. a4 (27. Rd1 $5) 27... Kf8 28. a5 Ke8 29.
Rb6 Rc7 30. c5 Kd8 31. a6 bxa6 32. Rxa6 Kd7 33. Kf3 Rb7 34. Ke3 Rb8 35. Kd4 Rb2
36. f4 Rd2+ 37. Ke4 Rd5 38. Ra5 Ke6 39. c4 Rh5 40. Ra6 Rxc5 41. Kd4 Kd6 42. Ra7
Rf5 43. Ke4 Kc5 44. Ra4 Rh5 45. Ra7 f5+ 46. Kf3 Rxh2 47. Rc7 Rd2 48. Rxh7 Kxc4
49. Rc7 Rd6 50. Rb7 c5 51. Rb1 Re6 52. Rc1+ Kb4 53. Rb1+ Ka3 54. Rc1 Rc6 55.
Ke3 Kb2 0-1